000 01108nam a2200301 4500
001 0000016836
003 CO-CtgCURN
005 20250515224736.0
007 ta
008 160627s1996 000 0 eng d
020 _a9589288766
040 _aCO-CtgCURN
_bspa
_ccoctgcurn
082 0 _a347.06
_bA73p
100 1 _aArenas Salazar, Jorge.
245 1 0 _aPruebas penales /
_cJorge Arenas Salazar.
260 _aBogotá :
_bEdiciones Doctrina y Ley,
_c1996.
300 _a695 p.
336 _2rdacontent
337 _2rdamedia
_asin mediacion
_bn
338 _2rdacarrier
_avolumen
_bnc
504 _aBibliografia (p. 693-695)
505 8 _aLa norma de derecho.--El estado social de derecho, el derecho y la prueba.--El conocimiento.--El peritaje.--La confesion.--Inspección judicial.--Prueba indiciaria.--Prueba de indicio.--Norma de derecho.--Prueba penal
650 1 4 _aPrueba penal.
908 _a160627
942 _cBK
_h347.06
_iA73p
_2ddc
_n0
999 _c20474
_d20474